| 000 | 00462nam a2200181Ia 4500 | ||
|---|---|---|---|
| 003 | LK-CoDNM | ||
| 005 | 20230923100923.0 | ||
| 008 | 010623t1924 xxu||||| |||| 00| 1 eng d | ||
| 040 |
_aLK-CoDNM _dLK-CoDNM _eLK-CoDNM |
||
| 041 | _aeng | ||
| 080 | _a12 R6 | ||
| 100 | _aBelcher,Major E.A | ||
| 245 | _aMigration within the Empire | ||
| 260 |
_bW.Collins Sons Co _aLondon _c1924 |
||
| 300 | _bxxiii,280p., 22 cm | ||
| 700 | _aWilliamson,James A. | ||
| 942 | _cBK | ||
| 999 |
_c92125 _d92125 |
||